unscramble my animals - Statistics

General Stats
  • This quiz has been taken 81 times
  • The average score is 19 of 26
Answer Stats
Hint Answer % Correct
tan ant
100%
atc cat
98%
ogd dog
98%
ogrf frog
98%
reab bear
97%
affeirg giraffe
95%
niol lion
94%
ymeonk monkey
94%
roesh horse
89%
ayk yak
88%
raebz zebra
88%
ensak snake
83%
rtieg tiger
81%
aklao koala
80%
tnahpele elephant
78%
bbrati rabbit
75%
uaiagn iguana
73%
supotco octopus
72%
lajkca jackal
70%
surlaw walrus
67%
ahnarip piranha
61%
reutluv vulture
58%
akkouq quokka
36%
tilusnau nautilus
25%
yrxahish xrayfish
13%
kuaair uakari
5%
No matching quizzes found
Score Distribution
Percent of People with Each Score
Percentile by Number Answered
Your Score History
You have not taken this quiz